<?xml version="1.0" encoding="UTF-8"?>
<record
    xmlns:xsi="http://www.w3.org/2001/XMLSchema-instance"
    xsi:schemaLocation="http://www.loc.gov/MARC21/slim http://www.loc.gov/standards/marcxml/schema/MARC21slim.xsd"
    xmlns="http://www.loc.gov/MARC21/slim">

  <leader>00398    a2200145   4500</leader>
  <controlfield tag="005">20250319090144.0</controlfield>
  <datafield tag="020" ind1=" " ind2=" ">
    <subfield code="a">0-02-374820-6</subfield>
  </datafield>
  <datafield tag="082" ind1=" " ind2=" ">
    <subfield code="a">512  MAG</subfield>
  </datafield>
  <datafield tag="100" ind1=" " ind2=" ">
    <subfield code="a">MAGLIO,  R.</subfield>
  </datafield>
  <datafield tag="245" ind1=" " ind2=" ">
    <subfield code="a">Fundamental Mathematics for Business</subfield>
  </datafield>
  <datafield tag="260" ind1=" " ind2=" ">
    <subfield code="a">New  York,</subfield>
    <subfield code="b">Macmillan Publishing Campany,</subfield>
    <subfield code="c">1985.</subfield>
  </datafield>
  <datafield tag="300" ind1=" " ind2=" ">
    <subfield code="a">x, 672p.:  ill.;  figure,table,</subfield>
    <subfield code="b">index,</subfield>
    <subfield code="c">27cm.</subfield>
  </datafield>
  <datafield tag="700" ind1=" " ind2=" ">
    <subfield code="a">DLATT, J. P.</subfield>
  </datafield>
  <datafield tag="942" ind1=" " ind2=" ">
    <subfield code="2">ddc</subfield>
    <subfield code="c">BKS</subfield>
  </datafield>
  <datafield tag="999" ind1=" " ind2=" ">
    <subfield code="c">924</subfield>
    <subfield code="d">924</subfield>
  </datafield>
  <datafield tag="952" ind1=" " ind2=" ">
    <subfield code="r">2025-03-19 09:03:54</subfield>
    <subfield code="l">0</subfield>
    <subfield code="o">512  MAG</subfield>
    <subfield code="p">0000003710</subfield>
    <subfield code="v">45000.00</subfield>
    <subfield code="w">2025-03-19</subfield>
    <subfield code="y">BKS</subfield>
    <subfield code="1">0</subfield>
    <subfield code="2">ddc</subfield>
    <subfield code="4">0</subfield>
    <subfield code="7">0</subfield>
    <subfield code="0">0</subfield>
    <subfield code="a">CBEML</subfield>
    <subfield code="b">CBEML</subfield>
    <subfield code="c">GEN</subfield>
    <subfield code="d">2025-03-19</subfield>
    <subfield code="g">15000.00</subfield>
  </datafield>
  <datafield tag="952" ind1=" " ind2=" ">
    <subfield code="r">2025-03-19 09:03:54</subfield>
    <subfield code="l">0</subfield>
    <subfield code="o">512  MAG</subfield>
    <subfield code="p">0000003711</subfield>
    <subfield code="v">45000.00</subfield>
    <subfield code="w">2025-03-19</subfield>
    <subfield code="y">BKS</subfield>
    <subfield code="1">0</subfield>
    <subfield code="2">ddc</subfield>
    <subfield code="4">0</subfield>
    <subfield code="7">0</subfield>
    <subfield code="0">0</subfield>
    <subfield code="a">CBEML</subfield>
    <subfield code="b">CBEML</subfield>
    <subfield code="c">GEN</subfield>
    <subfield code="d">2025-03-19</subfield>
    <subfield code="g">15000.00</subfield>
  </datafield>
  <datafield tag="952" ind1=" " ind2=" ">
    <subfield code="r">2025-03-19 09:03:54</subfield>
    <subfield code="l">0</subfield>
    <subfield code="o">512  MAG</subfield>
    <subfield code="p">0000003712</subfield>
    <subfield code="v">45000.00</subfield>
    <subfield code="w">2025-03-19</subfield>
    <subfield code="y">BKS</subfield>
    <subfield code="1">0</subfield>
    <subfield code="2">ddc</subfield>
    <subfield code="4">0</subfield>
    <subfield code="7">0</subfield>
    <subfield code="0">0</subfield>
    <subfield code="a">CBEML</subfield>
    <subfield code="b">CBEML</subfield>
    <subfield code="c">GEN</subfield>
    <subfield code="d">2025-03-19</subfield>
    <subfield code="g">15000.00</subfield>
  </datafield>
  <datafield tag="952" ind1=" " ind2=" ">
    <subfield code="r">2025-03-19 09:03:54</subfield>
    <subfield code="l">0</subfield>
    <subfield code="o">512  MAG</subfield>
    <subfield code="p">0000003713</subfield>
    <subfield code="v">45000.00</subfield>
    <subfield code="w">2025-03-19</subfield>
    <subfield code="y">BKS</subfield>
    <subfield code="1">0</subfield>
    <subfield code="2">ddc</subfield>
    <subfield code="4">0</subfield>
    <subfield code="7">0</subfield>
    <subfield code="0">0</subfield>
    <subfield code="a">CBEML</subfield>
    <subfield code="b">CBEML</subfield>
    <subfield code="c">GEN</subfield>
    <subfield code="d">2025-03-19</subfield>
    <subfield code="g">15000.00</subfield>
  </datafield>
  <datafield tag="952" ind1=" " ind2=" ">
    <subfield code="r">2025-03-19 09:03:54</subfield>
    <subfield code="l">0</subfield>
    <subfield code="o">512  MAG</subfield>
    <subfield code="p">0000003714</subfield>
    <subfield code="v">45000.00</subfield>
    <subfield code="w">2025-03-19</subfield>
    <subfield code="y">BKS</subfield>
    <subfield code="1">0</subfield>
    <subfield code="2">ddc</subfield>
    <subfield code="4">0</subfield>
    <subfield code="7">0</subfield>
    <subfield code="0">0</subfield>
    <subfield code="a">CBEML</subfield>
    <subfield code="b">CBEML</subfield>
    <subfield code="c">GEN</subfield>
    <subfield code="d">2025-03-19</subfield>
    <subfield code="g">15000.00</subfield>
  </datafield>
</record>
